Ukraine: General Knowledge - Statistics

General Stats
  • This quiz has been taken 591 times
  • The average score is 4 of 15
Answer Stats
Hint Answer % Correct
Largest city and capital Kyiv (Kiev)
99%
The colors of Ukraine's national flag are.. Blue and Yellow
56%
This river flows through Ukraine Dnipro River
47%
Ukraine was part of this federation of Nation States... USSR
45%
currency of Ukraine Hryvnia
34%
That 70s show actress born in Chernivtsi Mila Kunis
30%
Famous Poet Taras Shevchenko
24%
Popular Christmas Carol Shchedryk
14%
Sofiyivsky Park Uman
12%
City known for its production of Rockets Dnepropetrovsk
11%
Ukraine Independence Day August 24, 1991
9%
Actress born in Kiev Milla Jovovich
5%
Ukraine is known as... The bread basket of Europe
4%
Composer of said Christmas Carol Mykola Leontovych
3%
Ukraine is Europe's.... second largest country
3%
No matching quizzes found
Score Distribution
Percent of People with Each Score
Percentile by Number Answered
Your Score History
You have not taken this quiz